000
00261nam a2200109Ia 4500
008
240625s9999 xx 000 0 und d
041
_a
eng
082
_a
428.071 SAS
100
_a
SASIKUMAR V
245
_a
SPOKEN ENGLISH A SELF LEARNING GUIDE TO
260
_c
2008
999
_c
34116
_d
34116